000 00968nam a2200241Ia 4500
999 _c40202
_d40202
001 6809
003 GE_BSU
005 20200211120807.0
008 181216s1992||||ge |||||||||||||| ||geo||
040 _cGE_BSU
041 _ageo
080 _a82-93 გ-59
100 _aგოგებაშვილი, იაკობ
_96972
245 _aსაგანძური :
_bმოთხრობები /
_cიაკობ გოგებაშვილი ; შემდგ. დავით პაიჭაძე ; რედ. ალეკო გეგია.
260 _aქუთაისი
260 _bწიგნის მოყვარულტა საზოგადოება
260 _c1992
300 _a31 გვ. :
_bილ. ;
_c20 სმ.
653 _aსაგანძური
653 _aმოთხრობები
700 _aგეგია, ალეკო
_eრედაქტორი
_96733
942 _cBK
_2udc